[Event "Open Hradec Králové 2017"]
[Site "Hradec Králové"]
[Date "2017.10.07"]
[Round "8"]
[White "Berka, Lubos"]
[Black "Riha, Vojtech"]
[Result "1/2-1/2"]
[WhiteElo "1719"]
[BlackElo "2108"]
[PlyCount "51"]
[EventDate "2017.10.01"]

1. e4 c5 2. Nc3 e6 3. g3 d6 4. Bg2 Nf6 5. d3 Nc6 6. Nge2 Be7 7. O-O O-O 8. Be3
d5 9. exd5 exd5 10. Bg5 d4 11. Ne4 Nxe4 12. Bxe7 Nxe7 13. Bxe4 f5 14. Bg2 Ng6
15. f4 Ne7 16. c4 Be6 17. Qd2 Rb8 18. Rab1 b5 19. b3 Qc7 20. Rfc1 bxc4 21. bxc4
Bd7 22. Re1 Bc6 23. Bxc6 Nxc6 24. Rxb8 Qxb8 25. Nc1 Qd6 26. Qe2 1/2-1/2

[Event "Open Hradec Králové 2017"]
[Site "Hradec Králové"]
[Date "2017.10.07"]
[Round "8"]
[White "Wolf, Andreas"]
[Black "Majerik, Vladimir"]
[Result "1-0"]
[WhiteElo "2006"]
[BlackElo "1826"]
[PlyCount "43"]
[EventDate "2017.10.01"]

1. d4 d5 2. Nf3 Nf6 3. c4 c6 4. Nc3 dxc4 5. a4 Bf5 6. e3 e6 7. Bxc4 Be7 8. O-O
O-O 9. Nh4 Bg6 10. Nxg6 hxg6 11. Re1 Nbd7 12. e4 Re8 13. Bf4 Nh5 14. Be3 Nhf6
15. h3 a5 16. d5 exd5 17. exd5 cxd5 18. Nxd5 Nxd5 19. Qxd5 Rf8 20. Red1 Nf6 21.
Qe5 Nd7 22. Qb5 1-0

[Event "Open Hradec Králové 2017"]
[Site "Hradec Králové"]
[Date "2017.10.07"]
[Round "8"]
[White "Urban, Marek"]
[Black "Novak, Ludek"]
[Result "0-1"]
[WhiteElo "1660"]
[BlackElo "1932"]
[PlyCount "64"]
[EventDate "2017.10.01"]

1. d4 g6 2. c4 Bg7 3. Nc3 c5 4. d5 d6 5. e4 Nf6 6. Nf3 O-O 7. Be2 e6 8. O-O
exd5 9. exd5 Re8 10. Bg5 a6 11. Qd2 b5 12. cxb5 axb5 13. Bxb5 Bd7 14. Bc4 Qb6
15. Rfe1 Na6 16. a3 Nc7 17. h3 Rab8 18. b3 Nb5 19. Nxb5 Bxb5 20. Bxf6 Bxf6 21.
Rxe8+ Rxe8 22. Re1 Rxe1+ 23. Qxe1 Bd7 24. Qe2 Qa5 25. a4 Qc3 26. Kh2 h5 27. h4
Bg4 28. Qe3 Qb2 29. Qe2 Qc1 30. Qe4 Qb2 31. Qe2 Be5+ 32. Nxe5 Bxe2 0-1

[Event "Open Hradec Králové 2017"]
[Site "Hradec Králové"]
[Date "2017.10.07"]
[Round "8"]
[White "Tichy, Vaclav"]
[Black "Ret, Adam Josef"]
[Result "0-1"]
[WhiteElo "1594"]
[BlackElo "1741"]
[PlyCount "56"]
[EventDate "2017.10.01"]

1. e4 c5 2. Nf3 d6 3. Bc4 Nf6 4. Nc3 g6 5. d4 cxd4 6. Nxd4 Bg7 7. Be3 O-O 8.
Qd2 Nc6 9. O-O Bd7 10. f4 Rc8 11. Nxc6 Bxc6 12. Bd3 Qa5 13. Rae1 Ng4 14. f5
Nxe3 15. Rxe3 Bh6 16. Qe2 Qb6 17. Nd1 Bxe3+ 18. Nxe3 Qxb2 19. Ng4 Ba4 20. h4
Bxc2 21. fxg6 fxg6 22. Rxf8+ Kxf8 23. Qf3+ Kg7 24. Bxc2 Rxc2 25. Kh2 h5 26. Ne3
Qe5+ 27. Kh3 Rxa2 28. g4 Rh2# 0-1

[Event "Open Hradec Králové 2017"]
[Site "Hradec Králové"]
[Date "2017.10.07"]
[Round "8"]
[White "Jungwirth, Stanislav"]
[Black "Kuru, Martin"]
[Result "1/2-1/2"]
[WhiteElo "1667"]
[BlackElo "1927"]
[PlyCount "65"]
[EventDate "2017.10.01"]

1. d4 d5 2. c4 e6 3. Nc3 Nf6 4. Nf3 Be7 5. e3 O-O 6. Bd3 b6 7. O-O dxc4 8. Bxc4
Bb7 9. Be2 Nbd7 10. a3 c5 11. dxc5 Nxc5 12. b4 Nce4 13. Bb2 Rc8 14. Rc1 Nxc3
15. Bxc3 Ne4 16. Bb2 Rxc1 17. Qxc1 Qc8 18. Rd1 Qxc1 19. Rxc1 Rc8 20. Rxc8+ Bxc8
21. Bd3 Bb7 22. Bxe4 Bxe4 23. Nd2 Bd3 24. f3 f6 25. Kf2 Kf7 26. Nb3 e5 27. Nd2
Ke6 28. g3 Kd5 29. e4+ Kc6 30. Ke3 Ba6 31. Nb1 Bc8 32. Nc3 Be6 33. Kd3 1/2-1/2

[Event "Open Hradec Králové 2017"]
[Site "Hradec Králové"]
[Date "2017.10.07"]
[Round "8"]
[White "Voith, Walter"]
[Black "Krasa, Marek"]
[Result "1-0"]
[WhiteElo "1460"]
[BlackElo "1684"]
[PlyCount "43"]
[EventDate "2017.10.01"]

1. e4 b6 2. d3 Bb7 3. g3 Nf6 4. Bg2 e6 5. Nd2 c5 6. Ngf3 Nc6 7. O-O Be7 8. Re1
O-O 9. h4 h6 10. Nf1 d5 11. e5 Nd7 12. N1h2 Qc7 13. Bf4 Rfe8 14. Ng4 h5 15.
Nf6+ gxf6 16. exf6 Bd6 17. Bg5 e5 18. Nh2 Nd8 19. Qxh5 Bf8 20. Bh3 Qd6 21. Bf5
Qxf6 22. Qh7# 1-0

[Event "Open Hradec Králové 2017"]
[Site "Hradec Králové"]
[Date "2017.10.07"]
[Round "8"]
[White "Vetter, Udo"]
[Black "Macha, Martin"]
[Result "1/2-1/2"]
[WhiteElo "1466"]
[BlackElo "1444"]
[PlyCount "20"]
[EventDate "2017.10.01"]

1. c4 c5 2. Nc3 e6 3. Nf3 d5 4. cxd5 exd5 5. d4 c4 6. g3 Nf6 7. Bg2 Be6 8. Ng5
Bf5 9. e4 dxe4 10. Ngxe4 Nxe4 1/2-1/2

[Event "Open Hradec Králové 2017"]
[Site "Hradec Králové"]
[Date "2017.10.07"]
[Round "8"]
[White "Tichy, Vaclav"]
[Black "Ret, Adam Josef"]
[Result "0-1"]
[WhiteElo "1594"]
[BlackElo "1741"]
[PlyCount "54"]
[EventDate "2017.10.01"]

1. e4 c5 2. Nf3 d6 3. Bc4 Nf6 4. Nc3 g6 5. d4 cxd4 6. Nxd4 Bg7 7. Be3 O-O 8.
Qd2 Nc6 9. O-O Bd7 10. f4 Rc8 11. Nxc6 Bxc6 12. Bd3 Qa5 13. Rae1 Ng4 14. f5
Nxe3 15. Rxe3 Bh6 16. Qe2 Qb6 17. Nd1 Bxe3+ 18. Nxe3 Qxb2 19. Ng4 Ba4 20. h4
Bxc2 21. fxg6 fxg6 22. Rxf8+ Kxf8 23. Qf3+ Kg7 24. Bxc2 Rxc2 25. Kh2 h5 26. Ne3
Qe5+ 27. Kh3 Rxa2 0-1

[Event "Open Hradec Králové 2017"]
[Site "Hradec Králové"]
[Date "2017.10.08"]
[Round "9"]
[White "Geller, Jakov"]
[Black "Plischki, Sebastian"]
[Result "1-0"]
[WhiteElo "2526"]
[BlackElo "2397"]
[PlyCount "59"]
[EventDate "2017.10.01"]

1. e4 e5 2. Nf3 Nc6 3. Bc4 Bc5 4. O-O Nf6 5. d3 O-O 6. Re1 d6 7. c3 a6 8. Bb3
h6 9. Nbd2 Re8 10. Nf1 Be6 11. Bxe6 fxe6 12. b4 Bb6 13. a4 a5 14. b5 Ne7 15. d4
Ng6 16. Ra2 exd4 17. cxd4 e5 18. Ng3 Qd7 19. Rd2 Qf7 20. Bb2 exd4 21. Bxd4 Bxd4
22. Rxd4 b6 23. Qc2 Nf8 24. e5 Ne6 25. Rdd1 dxe5 26. Nxe5 Qf8 27. Nf5 Nc5 28.
Ng6 Rxe1+ 29. Rxe1 Re8 30. Nfe7+ 1-0

[Event "Open Hradec Králové 2017"]
[Site "Hradec Králové"]
[Date "2017.10.08"]
[Round "9"]
[White "Eryshkanova, Anastasia"]
[Black "Jirasek, Pavel"]
[Result "1-0"]
[WhiteElo "2127"]
[BlackElo "2292"]
[PlyCount "111"]
[EventDate "2017.10.01"]

1. c4 Nf6 2. g3 c5 3. Bg2 e6 4. Nf3 Be7 5. Nc3 d5 6. cxd5 Nxd5 7. O-O Nc6 8. d4
cxd4 9. Nxd5 exd5 10. Nxd4 O-O 11. Be3 Bg4 12. h3 Bh5 13. Rc1 Qd7 14. Qa4 Rfd8
15. Nxc6 bxc6 16. g4 Bg6 17. Qxc6 h5 18. Rfd1 hxg4 19. Qxd7 Rxd7 20. hxg4 Rb8
21. Bxd5 Kh7 22. Bb3 Rxd1+ 23. Rxd1 a5 24. Bd4 Rb4 25. f3 a4 26. Bd5 Bc2 27.
Rd2 Bg5 28. Rxc2 Rxd4 29. Bxf7 Be3+ 30. Kg2 g5 31. Be8 Rd1 32. Bxa4 Rg1+ 33.
Kh2 Rb1 34. Bc6 Kg7 35. Be4 Rf1 36. Bd3 Kf6 37. b4 Ke5 38. a4 Ra1 39. a5 Ra4
40. Rc4 Bd2 41. a6 Kd5 42. b5 Ra1 43. Re4 Ba5 44. Rc4 Bd2 45. Kg2 Be3 46. Re4
Bc5 47. Bc4+ Kd6 48. Re6+ Kd7 49. Re5 Rg1+ 50. Kh2 Bd6 51. Kxg1 Bxe5 52. e3 Kc7
53. Kf2 Kb6 54. f4 gxf4 55. exf4 Bxf4 56. Kf3 1-0

[Event "Open Hradec Králové 2017"]
[Site "Hradec Králové"]
[Date "2017.10.08"]
[Round "9"]
[White "Svoboda, Frantisek"]
[Black "Swicarz, Maciej"]
[Result "0-1"]
[WhiteElo "1725"]
[BlackElo "2363"]
[PlyCount "70"]
[EventDate "2017.10.01"]

1. Nf3 {[%emt 0:00:00]} c5 2. g3 g6 3. Bg2 Bg7 4. O-O Nc6 5. c3 Qb6 6. e4 d6 7.
d3 e5 8. Na3 Nge7 9. Nc4 Qc7 10. Ne3 O-O 11. Ng5 h6 12. Nh3 Be6 13. f4 Qd7 14.
g4 exf4 15. Nxf4 b5 16. Nxe6 fxe6 17. Rb1 g5 18. Bd2 Ng6 19. Qb3 a6 20. Nf5 c4
21. dxc4 bxc4 22. Qa4 exf5 23. Qxc4+ Kh8 24. exf5 Nge5 25. Qa4 a5 26. Bd5 Qa7+
27. Kg2 Qc5 28. Qe4 Rae8 29. Be3 Qb5 30. c4 Nxc4 31. Bxc4 Qa4 32. Qd5 Rxe3 33.
b3 Qxa2+ 34. Kh1 Rh3 35. Qxd6 Ne5 0-1

[Event "Open Hradec Králové 2017"]
[Site "Hradec Králové"]
[Date "2017.10.08"]
[Round "9"]
[White "Gurack, Daniel"]
[Black "Stein, Robert"]
[Result "1/2-1/2"]
[WhiteElo "2075"]
[BlackElo "2253"]
[PlyCount "53"]
[EventDate "2017.10.01"]

1. e4 {[%emt 0:00:00]} e6 2. d4 d5 3. Nc3 Bb4 4. exd5 exd5 5. Bd3 Nc6 6. Nge2
Nge7 7. a3 Bxc3+ 8. bxc3 Bf5 9. O-O Qd7 10. Nf4 O-O-O 11. a4 h5 12. Re1 g5 13.
Bxf5 Qxf5 14. Nd3 Ng6 15. Re3 g4 16. Nc5 b6 17. Nb3 h4 18. Qd3 Qf6 19. a5 Rh5
20. axb6 cxb6 21. Qe2 Qf5 22. Rxa7 Nxa7 23. Qa6+ Kc7 24. Qxa7+ Kc6 25. Qa4+ Kc7
26. Qa7+ Kc6 27. Qa4+ 1/2-1/2

[Event "Open Hradec Králové 2017"]
[Site "Hradec Králové"]
[Date "2017.10.08"]
[Round "9"]
[White "Sernecki, Franciszek"]
[Black "Wolf, Andreas"]
[Result "1/2-1/2"]
[WhiteElo "2109"]
[BlackElo "2006"]
[PlyCount "26"]
[EventDate "2017.10.01"]

1. c4 e6 2. e4 d5 3. exd5 exd5 4. d4 Nf6 5. Nc3 Be7 6. Nf3 O-O 7. Bd3 c6 8. O-O
Bg4 9. Re1 Nbd7 10. h3 dxc4 11. Bxc4 Bh5 12. Qd3 b5 13. Bb3 Nc5 1/2-1/2

[Event "Open Hradec Králové 2017"]
[Site "Hradec Králové"]
[Date "2017.10.08"]
[Round "9"]
[White "Novak, Ludek"]
[Black "Piankov, Evgenij"]
[Result "1-0"]
[WhiteElo "1932"]
[BlackElo "2254"]
[PlyCount "89"]
[EventDate "2017.10.01"]

1. d4 {[%emt 0:00:00]} Nf6 2. c4 g6 3. Nc3 d5 4. cxd5 Nxd5 5. e4 Nxc3 6. bxc3
c5 7. Bc4 Bg7 8. Ne2 O-O 9. O-O b6 10. Bd5 Nc6 11. Bxc6 Rb8 12. Qc2 Qc7 13. d5
Ba6 14. Bf4 e5 15. Bg3 Bc4 16. Ba4 Kh8 17. Bb3 Ba6 18. c4 f5 19. f4 Rbe8 20.
fxe5 Bxe5 21. Bxe5+ Qxe5 22. Qc3 Kg8 23. Qxe5 Rxe5 24. Nc3 fxe4 25. Rxf8+ Kxf8
26. Rf1+ Ke7 27. Re1 e3 28. Nd1 b5 29. cxb5 Bxb5 30. Rxe3 Kd6 31. Rxe5 Kxe5 32.
Ne3 Kd4 33. Kf2 Bd7 34. Nc4 g5 35. Kg3 h6 36. h4 gxh4+ 37. Kxh4 Be8 38. Nd6 Bg6
39. Nb5+ Kd3 40. Nxa7 c4 41. Ba4 c3 42. Nc6 Bf5 43. d6 Kc4 44. Ne5+ Kb4 45. Bd1
1-0

[Event "Open Hradec Králové 2017"]
[Site "Hradec Králové"]
[Date "2017.10.08"]
[Round "9"]
[White "Bartos, Jan"]
[Black "Zochowski, Janusz"]
[Result "1-0"]
[WhiteElo "2227"]
[BlackElo "1926"]
[PlyCount "99"]
[EventDate "2017.10.01"]

1. d4 {[%emt 0:00:00]} d5 2. c4 c6 3. e3 Nf6 4. Nc3 e6 5. Nf3 Nbd7 6. Bd3 Be7
7. b3 O-O 8. Bb2 b6 9. O-O Bb7 10. Qe2 c5 11. cxd5 Nxd5 12. Nxd5 Bxd5 13. Rfd1
cxd4 14. Nxd4 Nc5 15. e4 Bb7 16. Bc2 Qc7 17. Qg4 e5 18. Nb5 Qc6 19. Bxe5 Qg6
20. Qxg6 hxg6 21. Bd6 Bxd6 22. Nxd6 Bc6 23. b4 Nb7 24. Nxb7 Bxb7 25. f3 Rfd8
26. Kf2 Kf8 27. Bb3 Ke7 28. Ke3 g5 29. Rac1 Rxd1 30. Bxd1 Kd6 31. Bb3 f6 32.
Rd1+ Ke7 33. Ba4 Rd8 34. Rxd8 Kxd8 35. Kd4 Kc7 36. g3 f5 37. Ke5 g4 38. fxg4
fxe4 39. Kd4 Kd6 40. Bc2 Bd5 41. a3 Be6 42. g5 e3 43. Kxe3 Ke5 44. Be4 Bh3 45.
Bb7 Bf5 46. h4 Bg4 47. Bf3 Kf5 48. Bxg4+ Kxg4 49. b5 Kxg3 50. h5 1-0

[Event "Open Hradec Králové 2017"]
[Site "Hradec Králové"]
[Date "2017.10.08"]
[Round "9"]
[White "Leutwyler, Mathias"]
[Black "Mechlinski, Jakub"]
[Result "1/2-1/2"]
[WhiteElo "2109"]
[BlackElo "1878"]
[PlyCount "51"]
[EventDate "2017.10.01"]

1. d4 d5 2. Bf4 Nf6 3. e3 e6 4. Nd2 c5 5. c3 Nc6 6. Ngf3 Bd6 7. Bg3 O-O 8. Bd3
cxd4 9. exd4 Re8 10. O-O Bxg3 11. hxg3 Qd6 12. Re1 Nd7 13. Nf1 Nf8 14. Ne3 Bd7
15. Qd2 Rad8 16. Re2 f6 17. Rd1 a6 18. c4 dxc4 19. Bxc4 Kh8 20. d5 exd5 21.
Qxd5 Qxd5 22. Bxd5 Be6 23. Red2 Bxd5 24. Nxd5 Ne6 25. Kf1 Kg8 26. Nb6 1/2-1/2

[Event "Open Hradec Králové 2017"]
[Site "Hradec Králové"]
[Date "2017.10.08"]
[Round "9"]
[White "Nemec, Otakar"]
[Black "Malinovsky, Petr"]
[Result "1-0"]
[WhiteElo "1885"]
[BlackElo "2027"]
[PlyCount "103"]
[EventDate "2017.10.01"]

1. e4 {[%emt 0:00:00]} c5 2. c3 Nf6 3. e5 Nd5 4. d4 cxd4 5. cxd4 e6 6. Nf3 d6
7. Bc4 Nb6 8. Bd3 Nc6 9. a3 dxe5 10. dxe5 Nd7 11. Bf4 Nc5 12. Bc2 Qxd1+ 13.
Kxd1 Be7 14. Ke2 b6 15. Rd1 a5 16. Nc3 Ba6+ 17. Ke1 O-O 18. Nd4 Nxd4 19. Rxd4
Rfd8 20. Rad1 Rxd4 21. Rxd4 Rd8 22. Rxd8+ Bxd8 23. Kd2 Bc7 24. Bg3 h5 25. f4
Bb7 26. Bd1 Bxg2 27. Bxh5 f6 28. exf6 gxf6 29. Ke3 Bc6 30. Be2 Kf7 31. b4 axb4
32. axb4 Nb7 33. Bf3 Bxf3 34. Kxf3 Bd6 35. b5 Kg6 36. Ne4 Bc7 37. f5+ exf5 38.
Bxc7 fxe4+ 39. Kxe4 Nc5+ 40. Kd5 Na4 41. Kc4 f5 42. Kb4 Nc5 43. Bxb6 Nb7 44.
Kc4 Nd6+ 45. Kc5 Nxb5 46. Kxb5 Kg5 47. Kc4 f4 48. Kd3 Kg4 49. Ke4 Kh3 50. Bg1
Kg4 51. Ke5 f3 52. Ke4 1-0

[Event "Open Hradec Králové 2017"]
[Site "Hradec Králové"]
[Date "2017.10.08"]
[Round "9"]
[White "Stolyarsky, Yegor"]
[Black "Gloser, David"]
[Result "1/2-1/2"]
[WhiteElo "1856"]
[BlackElo "1941"]
[PlyCount "36"]
[EventDate "2017.10.01"]

1. d4 Nf6 2. Nf3 g6 3. c4 Bg7 4. Nc3 d5 5. Bf4 c6 6. h3 Nbd7 7. e3 O-O 8. Be2
dxc4 9. Bxc4 Nb6 10. Bb3 Bf5 11. O-O Rc8 12. Qe2 Nbd5 13. Nxd5 cxd5 14. Rac1
Qa5 15. Ne5 Nd7 16. Qf3 Be4 17. Qg4 Bf5 18. Qf3 Be4 1/2-1/2

[Event "Open Hradec Králové 2017"]
[Site "Hradec Králové"]
[Date "2017.10.08"]
[Round "9"]
[White "Riha, Vojtech"]
[Black "Bartos, Karel"]
[Result "1/2-1/2"]
[WhiteElo "2108"]
[BlackElo "1816"]
[PlyCount "52"]
[EventDate "2017.10.01"]

1. e4 {[%emt 0:00:00]} e5 2. Nf3 Nc6 3. Nc3 Nf6 4. d4 exd4 5. Nd5 d6 6. Nxd4
Be7 7. Be3 O-O 8. Be2 Nxd5 9. exd5 Nxd4 10. Bxd4 Bf6 11. O-O Re8 12. Bf3 Bf5
13. c3 Bxd4 14. Qxd4 Qd7 15. Rfe1 Rxe1+ 16. Rxe1 Re8 17. Rxe8+ Qxe8 18. g4 Bg6
19. Qxa7 Qe1+ 20. Kg2 h6 21. Qe3 Qb1 22. h4 Qxb2 23. h5 Bb1 24. g5 hxg5 25. Bg4
Qb5 26. Qxg5 Be4+ 1/2-1/2

[Event "Open Hradec Králové 2017"]
[Site "Hradec Králové"]
[Date "2017.10.08"]
[Round "9"]
[White "Vochozka, Jindrich"]
[Black "Mathisen, Runar"]
[Result "1/2-1/2"]
[WhiteElo "1802"]
[BlackElo "1870"]
[PlyCount "77"]
[EventDate "2017.10.01"]

1. d4 Nf6 2. Nf3 d6 3. c4 g6 4. Nc3 Bg7 5. g3 O-O 6. Bg2 Nbd7 7. O-O e5 8. dxe5
dxe5 9. e4 Re8 10. Qe2 c6 11. Rd1 Qa5 12. a3 Nf8 13. b4 Qc7 14. Ng5 h6 15. Nf3
g5 16. Be3 b6 17. Ra2 Ng4 18. Rad2 Nxe3 19. Qxe3 Be6 20. c5 b5 21. Rd6 Ng6 22.
Nd2 Bf8 23. Rd3 a5 24. Ncb1 a4 25. Nf1 Rad8 26. Qd2 Be7 27. Qe3 Bc4 28. Rxd8
Rxd8 29. Rxd8+ Qxd8 30. Qd2 Nf8 31. Bh3 Be6 32. Qxd8 Bxd8 33. Bxe6 Nxe6 34. Ne3
h5 35. h3 Nd4 36. g4 Kg7 37. Kg2 h4 38. Nd2 Kf6 39. Nf3 1/2-1/2

[Event "Open Hradec Králové 2017"]
[Site "Hradec Králové"]
[Date "2017.10.08"]
[Round "9"]
[White "Kosior, Jan"]
[Black "Hassemeier, Mika"]
[Result "1-0"]
[WhiteElo "1592"]
[BlackElo "1864"]
[PlyCount "29"]
[EventDate "2017.10.01"]

1. e4 c5 2. Nf3 e6 3. b3 d6 4. d4 cxd4 5. Nxd4 Nf6 6. Nd2 Qa5 7. Bb5+ Bd7 8.
Bxd7+ Nbxd7 9. Qf3 Qe5 10. Bb2 Nc5 11. O-O Ncxe4 12. Nxe4 Qxe4 13. Qc3 a6 14.
Qc7 b5 15. Nc6 1-0

[Event "Open Hradec Králové 2017"]
[Site "Hradec Králové"]
[Date "2017.10.08"]
[Round "9"]
[White "Madajczak, Piotr"]
[Black "Tsapanidis, Vasilis"]
[Result "1-0"]
[WhiteElo "1442"]
[BlackElo "1826"]
[PlyCount "63"]
[EventDate "2017.10.01"]

1. f4 d5 2. Nf3 c5 3. g3 Nc6 4. Bg2 Nf6 5. O-O g6 6. d3 Bg7 7. Qe1 O-O 8. e4
dxe4 9. dxe4 e5 10. fxe5 Ng4 11. Nc3 Ngxe5 12. Nxe5 Nxe5 13. Be3 b6 14. Rd1 Qe7
15. Nd5 Qb7 16. b3 Bg4 17. Rd2 Rad8 18. a3 Be6 19. c4 Kh8 20. Bg5 Rd7 21. Bf6
b5 22. Bxg7+ Kxg7 23. Qf2 f6 24. Qxc5 bxc4 25. bxc4 Rdf7 26. Qd4 Rc8 27. c5 Nd7
28. Rc1 Qb5 29. Rb2 Qa5 30. Nf4 Re7 31. Nxe6+ Rxe6 32. Qxd7+ 1-0

[Event "Open Hradec Králové 2017"]
[Site "Hradec Králové"]
[Date "2017.10.08"]
[Round "9"]
[White "Gronde, Benedikt"]
[Black "Urban, Marek"]
[Result "0-1"]
[WhiteElo "1820"]
[BlackElo "1660"]
[PlyCount "66"]
[EventDate "2017.10.01"]

1. c4 {[%emt 0:00:00]} e5 2. Nc3 Nc6 3. Nf3 Nf6 4. d3 h6 5. g3 d5 6. cxd5 Nxd5
7. Nxd5 Qxd5 8. Bg2 Bb4+ 9. Bd2 Bxd2+ 10. Qxd2 O-O 11. O-O Qd6 12. Rfd1 Rd8 13.
Rac1 Nd4 14. e3 Nxf3+ 15. Bxf3 c6 16. Qc3 Qf6 17. Be2 Be6 18. b3 Rd7 19. Qa5 b6
20. Qa4 c5 21. b4 cxb4 22. Qxb4 Bxa2 23. Qa4 Be6 24. Rc6 Rad8 25. Rdc1 Qe7 26.
e4 Kh7 27. f4 exf4 28. gxf4 g6 29. Qa1 Qh4 30. Qe5 Qh3 31. Rc8 Qe3+ 32. Kf1
Bh3+ 33. Ke1 Rxd3 0-1

[Event "Open Hradec Králové 2017"]
[Site "Hradec Králové"]
[Date "2017.10.08"]
[Round "9"]
[White "Aird, Ian"]
[Black "Voith, Walter"]
[Result "1-0"]
[WhiteElo "1809"]
[BlackElo "1460"]
[PlyCount "59"]
[EventDate "2017.10.01"]

1. c4 Nf6 2. Nc3 e6 3. e4 d6 4. Nf3 Nbd7 5. d4 Be7 6. Be2 O-O 7. O-O e5 8. h3
c6 9. Be3 Re8 10. Qc2 Bf8 11. Rfd1 Qe7 12. d5 c5 13. Ne1 h6 14. Nd3 Nh7 15. b4
a6 16. bxc5 dxc5 17. Bg4 g6 18. Bxd7 Bxd7 19. Nxc5 Bxh3 20. gxh3 Qh4 21. Kh2
Bxc5 22. Bxc5 Ng5 23. Rd3 f5 24. exf5 e4 25. Rg3 gxf5 26. Rag1 Kh7 27. Qe2 Rg8
28. Be7 Nf3+ 29. Qxf3 exf3 30. Bxh4 1-0

[Event "Open Hradec Králové 2017"]
[Site "Hradec Králové"]
[Date "2017.10.08"]
[Round "9"]
[White "Rokos, Filip"]
[Black "Kirs, Pavel"]
[Result "1-0"]
[WhiteElo "1806"]
[BlackElo "1587"]
[PlyCount "49"]
[EventDate "2017.10.01"]

1. e4 {[%emt 0:00:00]} e5 2. Nf3 Nc6 3. Bc4 Bc5 4. c3 Nf6 5. d3 d6 6. O-O O-O
7. Nbd2 Qe7 8. h3 Be6 9. Bb3 b5 10. Re1 a6 11. Nf1 h6 12. Ng3 Qd7 13. Be3 Bxe3
14. Rxe3 Bxb3 15. axb3 a5 16. Nh4 g6 17. Rf3 Kg7 18. Qd2 Ne7 19. d4 Qe6 20. d5
Qd7 21. Rxf6 Kxf6 22. Qxh6 Ng8 23. Nh5+ Ke7 24. Qg5+ Ke8 25. Ng7# 1-0

[Event "Open Hradec Králové 2017"]
[Site "Hradec Králové"]
[Date "2017.10.08"]
[Round "9"]
[White "Macha, Martin"]
[Black "Vacek, Jaroslav"]
[Result "0-1"]
[WhiteElo "1444"]
[BlackElo "1694"]
[PlyCount "54"]
[EventDate "2017.10.01"]

1. d4 Nf6 2. c4 e6 3. e3 Bb4+ 4. Bd2 Qe7 5. a3 Bxd2+ 6. Nxd2 b6 7. Ngf3 d5 8.
Be2 O-O 9. O-O Bb7 10. Rc1 Nbd7 11. Qc2 Rac8 12. Rfe1 c5 13. dxc5 Nxc5 14. b4
Nce4 15. Qa4 Nxd2 16. Nxd2 Ba8 17. Bf3 Rfd8 18. Rc2 g5 19. g4 Kg7 20. h3 dxc4
21. Bxa8 Rxa8 22. Nxc4 Rac8 23. Rec1 Qb7 24. Qb5 Rd5 25. Qa4 b5 26. Na5 Qd7 27.
Qb3 Rd1+ 0-1